01001nam a2200277 i 4500001000300000003000400003005001700007008003900024015001800063020001500081040001400096080001100110080001200121100002900133245008700162250002500249260006700274300002800341504004500369521007300414650002300487655003000510700002700540710005800567856009800625bgBPK20190719115247.0060427s2006 pl a f f |000 0 pol aPB 2006/11414 a8388906518 aWA NcBPK a621.01 a(075.8)1 aKurmaz, Leonid W.eAutor10aProjektowanie węzłów i części maszyn /cLeonid W. Kurmaz, Oleg L. Kurmaz. aWyd. 3 popr. i uzup. aKielce :bWydawnictwo Politechniki Świętokrzyskiej,c2006. a416 s. :bil. ;c31 cm. aBibliogr. s. 401, wykaz norm s. 402-410.8 aPodr. dla studentów wydziałów mechanicznych wyższych uczelni. 4aMaszynyxprojekty. 4aPodręczniki akademickie1 aKurmaz, Oleg L.eAutor2 aWydawnictwo Politechniki Świętokrzyskiejb 4pbl. uhttp://koha.tu.koszalin.pl/cgi-bin/koha/opac-detail.pl?biblionumber=52084yKatalog online BPK